إدارة الموارد / (رقم التسجيلة. 27637)

تفاصيل مارك
000 -الفاتح
حقل البيانات ثابتة الطول 00635nam a22002057a 4500
003 - محدد رقم الضبط
رقم الضبط OSt
005 - وقت وتاريخ اخر تعامل مع التسجيلة
رقم الضبط 20150408114116.0
008 - عناصر البيانات ثابتة الطول - معلومات عامة
حقل البيانات ثابتة الطول 130205s 2013jo ||||f |||| 00| 0 are d
040 ## - مصدر الفهرسة
وكالة الفهرسة الأصلية Ma-un
082 ## - رقم تصنيف ديوى العشرى
رقم الطبعة 21
رقم التصنيف 333
رقم المادة ط أ إ
100 ## - المدخل الرئيسى - إسم شخصى
الإسم الشخصى الطويل، أكرم أحمد.
9 (RLIN) 20807
245 ## - بيان العنوان
العنوان إدارة الموارد /
بيان المسئوليه,etc أكرم أحمد الطويل.
250 ## - بيان الطبعة
بيان الطبعة ط. 1.
260 ## - PUBLICATION, DISTRIBUTION, ETC. (IMPRINT)
مكان الناشر او الموزع عمان، الاردن :
اسم الناشر او الموزع دار زهران،
تاريخ النشر أو التوزيع 2013.
300 ## - الوصف المادى
التعداد 381 ص.؛
أبعاد الوعاء 24 سم.
504 ## - تبصرة ببليوجرافية
تبصرة ببليوجرافية,الخ ببليوجرافية : ص 377-381.
650 ## - المدخل الاضافى بالموضوع-مصطلح موضوعى
9 (RLIN) 89
مصطلح موضوعي أو اسم جغرافي كعنصر مدخل الادارة
650 ## - المدخل الاضافى بالموضوع-مصطلح موضوعى
9 (RLIN) 1734
مصطلح موضوعي أو اسم جغرافي كعنصر مدخل مقاومة المواد
942 ## - عناصر المدخل الإضافي( كوها)
مصدر التصنيف او مخطط الترفيف Dewey Decimal Classification
Koha [default] item type كتاب
المقتنيات
حالة الفقد نموذج السعر الفعال حالة تلف ليس للاعارة رقم الطلب رقم النسخة تاريخ الاكتساب الموقع الحالي الباركود الفرع الرئيسي Date last seen نوع المادة فى نظام كوها مصدر التصنيف او خطة الترفيف Total Checkouts
  2013-03-10   Not For Loan 333 ط أ إ 1 2013-02-05 المكتبة المركزية بالمجمعة (CL) 00303924 المكتبة المركزية بالمجمعة (CL) 2013-03-10 كتاب Dewey Decimal Classification  
  2013-03-10     333 ط أ إ 2 2013-02-05 المكتبة المركزية بالمجمعة (CL) 00303923 المكتبة المركزية بالمجمعة (CL) 2013-03-10 كتاب Dewey Decimal Classification  
  2013-03-10     333 ط أ إ 3 2013-02-05 المكتبة المركزية بالمجمعة (CL) 00303922 المكتبة المركزية بالمجمعة (CL) 2013-03-10 كتاب Dewey Decimal Classification  
  2013-03-10   Not For Loan 333 ط أ إ 1 2013-02-05 مكتبة كلية التربية بالزلفى - طالبات (EZF) 00303921 مكتبة كلية التربية بالزلفى - طالبات (EZF) 2013-03-10 كتاب Dewey Decimal Classification  
  2013-03-10     333 ط أ إ 2 2013-02-05 مكتبة كلية التربية بالزلفى - طالبات (EZF) 00303920 مكتبة كلية التربية بالزلفى - طالبات (EZF) 2013-03-10 كتاب Dewey Decimal Classification  
  2013-03-10   Not For Loan 333 ط أ إ 1 2013-02-05 مكتبة كلية العلوم و الدراسات الإنسانية برماح - طالبات (SRF) 00303917 مكتبة كلية العلوم و الدراسات الإنسانية برماح - طالبات (SRF) 2013-03-10 كتاب Dewey Decimal Classification  
  2013-03-10     333 ط أ إ 2 2013-02-05 مكتبة كلية العلوم و الدراسات الإنسانية برماح - طالبات (SRF) 00303916 مكتبة كلية العلوم و الدراسات الإنسانية برماح - طالبات (SRF) 2013-03-10 كتاب Dewey Decimal Classification  
  2013-03-10   Not For Loan 333 ط أ إ 1 2013-02-05 مكتبة كلية العلوم و الدراسات الإنسانية برماح - طلاب (SRM) 00303919 مكتبة كلية العلوم و الدراسات الإنسانية برماح - طلاب (SRM) 2013-03-10 كتاب Dewey Decimal Classification  
  2013-03-10     333 ط أ إ 2 2013-02-05 مكتبة كلية العلوم و الدراسات الإنسانية برماح - طلاب (SRM) 00303918 مكتبة كلية العلوم و الدراسات الإنسانية برماح - طلاب (SRM) 2013-03-10 كتاب Dewey Decimal Classification